Knižničné služby pre handicapovaných čitateľov

Bibliographic Details
Main Author: Trancygier, Tomasz, 1947- (Author)
Format: Article
Language:Slovak
ISSN:1210-096X
Subjects:

MARC

LEADER 00000nab a2200000 a 4500
001 vtls000566306
003 SK-MaSNL
005 20260305041947.0
008 250426c1995 xo 0 slo
015 |a SNBRB19rr/mm-uuuuu 
035 |a CL0566444 
035 |a urn:nbn:sk:snk-ab6k43 
035 |a (uuid)085e5b2f-b396-4193-88a9-c6ad624cbf1e 
035 |a (urnnbn)urn:nbn:sk:snk:ar-0051ox 
040 |a SNKBUCL  |b slo  |c SNKBUCL  |e AACR2 
041 0 |a slo 
044 |a xo  |c SK 
080 |a 024-056.26(4):028-056.26:061.3  |2 1981 
080 |a 028-056.26  |2 1981 
100 1 |a Trancygier, Tomasz,  |d 1947-  |4 aut  |9 229691 
245 1 0 |a Knižničné služby pre handicapovaných čitateľov  |c Tomáš Trancygier 
650 0 7 |a zdravotne postihnuté osoby  |2 snkbucl  |9 1249 
650 0 7 |a knižnice  |2 snkbucl  |9 17965 
650 0 7 |a knižničné služby  |2 snkbucl  |9 64475 
650 0 7 |a práca s čitateľom  |2 snkbucl  |9 15565 
651 7 |a Európa  |2 snkbucl  |9 167569 
655 7 |a články z novín a časopisov  |2 snkbucl  |9 267496 
655 7 |a články z odboru knihovníctvo  |2 snkbucl  |9 166141 
773 0 |t Knižnice a informácie  |g Roč. 27, č. 11 (1995), s. 427-430  |x 1210-096X 
850 |a Slovenská národná knižnica 
852 |a Slovenská národná knižnica 
954 |a odborná, vedecká literatúra pôvodná (slovenská)  |2 lita 
958 |a article2022 
958 |a RK 
958 |a KL 
958 |a OND 
958 |a EUIPO 
992 |a RBX 
999 |c 3345656  |d 3347586